Imperialismo

Guardat en:
Dades bibliogràfiques
Autors principals: Hobson, John Atkinson (Autor), Lenin, Vladimir Ilich (Autor)
Format: Llibre
Idioma:espanyol
Publicat: Madrid Capitán Swing Libros 2009
Edició:1a. ed
Col·lecció:Entrelíneas, 2
Matèries:
Etiquetes: Afegir etiqueta
Sense etiquetes, Sigues el primer a etiquetar aquest registre!

MARC

LEADER 00000cam a2200000 a 4500
001 UCG8464
003 CL-VaPUC
008 111212e20090500SP |||||||||||||||||spa|d
020 |a 9788461319077 
082 0 4 |a 325.32  |b HOB  |2 21 
100 |a Hobson, John Atkinson  |e author  |9 535514 
700 |a Lenin, Vladimir Ilich  |e author  |9 860395 
245 1 0 |a Imperialismo 
250 |a 1a. ed 
300 |a 570 p 
942 |c BK 
945 |d 20111212 00:00:00  |a dcastane 
260 |a Madrid  |b Capitán Swing Libros  |c 2009 
650 0 |a Imperialismo  |9 258264 
650 7 |a NACIONALISMO  |2 CL-VaPUC  |9 559498 
650 0 |a Capitalismo  |9 255255 
650 7 |a MERCANTILISMO  |2 CL-VaPUC  |9 313449 
650 7 |a TERCER MUNDO  |2 CL-VaPUC  |9 343226 
650 7 |a TEORIA POLITICA  |2 CL-VaPUC  |9 559499 
651 0 |a Europa  |9 255156 
583 |a last modification  |c 20111212 13:13:00  |k Rodrigo Vera 
490 0 |a Entrelíneas, 2 
999 |c 346074  |d 346072 
952 |0 0  |1 0  |4 0  |6 325_320000000000000_HOB_2009  |7 0  |8 A  |9 446560  |a BIBHIS  |b BIBHIS  |d 2019-11-22  |i 4803450  |l 11  |m 2  |o 325.32 HOB 2009  |p 4803450  |r 2025-01-20  |s 2024-04-24  |w 2019-11-22  |y BK  |k HIS